[Event "CZE-chT2D 1718"]
[Site "Czech Republic"]
[Date "2017.12.03"]
[Round "4.7"]
[White "Svoboda, Ivo"]
[Black "Liduch, Filip"]
[Result "1-0"]
[WhiteElo "1949"]
[BlackElo "2049"]
[PlyCount "99"]
[EventDate "2017.10.15"]
[EventType "team-tourn"]
[EventRounds "11"]
[EventCountry "CZE"]
[SourceTitle "EXT 2022"]
[Source "ChessBase"]
[SourceDate "2021.10.06"]
[SourceVersion "1"]
[SourceVersionDate "2021.10.06"]
[SourceQuality "1"]
[WhiteTeam "Zdar nad Sazavou"]
[BlackTeam "Polabiny III"]
[WhiteTeamCountry "CZE"]
[BlackTeamCountry "CZE"]

1. e4 e5 2. Nf3 Nc6 3. Bb5 Nf6 4. d3 d6 5. c3 Be7 6. 0-0 0-0 7. Re1 a6 8. Ba4 b5 9. Bc2 Bb7 10. Nbd2 Re8 11. Nf1 Bf8 12. Ng3 g6 13. Bg5 h6 14. Be3 d5 15. exd5 Nxd5 16. Bd2 Kh7 17. h4 Bc8 18. h5 Nf6 19. hxg6+ fxg6 20. Ne4 Nxe4 21. dxe4 Qf6 22. Be3 Be6 23. Bb3 Rad8 24. Qe2 Na5 25. Bxe6 Qxe6 26. b3 c5 27. Rad1 Nc6 28. Rxd8 Rxd8 29. Rd1 Rxd1+ 30. Qxd1 Qd6 31. Qd5 Kg7 32. Kf1 Kf6 33. Qxd6+ Bxd6 34. Bxh6 a5 35. Be3 a4 36. bxa4 bxa4 37. Nd2 Na5 38. Ke2 Ke6 39. Kd3 Kd7 40. Nc4 Nxc4 41. Kxc4 Kc6 42. Bg5 Bf8 43. f3 Bd6 44. Bf6 Bb8 45. Be7 Ba7 46. g3 Bb6 47. f4 exf4 48. gxf4 Bc7 49. f5 gxf5 50. exf5 1-0

[Event "CZE-chT2D 1718"]
[Site "Czech Republic"]
[Date "2017.11.05"]
[Round "2.6"]
[White "Liduch, Filip"]
[Black "Gloser, David"]
[Result "0-1"]
[WhiteElo "2049"]
[BlackElo "1964"]
[PlyCount "38"]
[EventDate "2017.10.15"]
[EventType "team-tourn"]
[EventRounds "11"]
[EventCountry "CZE"]
[SourceTitle "EXT 2022"]
[Source "ChessBase"]
[SourceDate "2021.10.06"]
[SourceVersion "1"]
[SourceVersionDate "2021.10.06"]
[SourceQuality "1"]
[WhiteTeam "Polabiny III"]
[BlackTeam "Lipa"]
[WhiteTeamCountry "CZE"]
[BlackTeamCountry "CZE"]

1. e4 c6 2. d4 d5 3. f3 dxe4 4. fxe4 e5 5. Nf3 Bg4 6. Bc4 Nd7 7. 0-0 Ngf6 8. c3 Bd6 9. Qb3 0-0 10. Qxb7 Bxf3 11. Rxf3 exd4 12. Bf4 Ne5 13. Bxe5 Bxe5 14. Na3 Rb8 15. Qxa7 Rxb2 16. Rb1 Rxb1+ 17. Nxb1 dxc3 18. Rd3 c2 19. Qxf7+ Kh8 0-1

[Event "CZE-chT2D 1617"]
[Site "Czech Republic"]
[Date "2017.04.02"]
[Round "11.4"]
[White "Liduch, Filip"]
[Black "Bradac, Roman"]
[Result "1/2-1/2"]
[WhiteElo "2055"]
[BlackElo "2018"]
[PlyCount "62"]
[EventDate "2016.10.09"]
[EventType "team-tourn"]
[EventRounds "11"]
[EventCountry "CZE"]
[SourceTitle "EXT 2022"]
[Source "ChessBase"]
[SourceDate "2021.10.06"]
[SourceVersion "1"]
[SourceVersionDate "2021.10.06"]
[SourceQuality "1"]
[WhiteTeam "Polabiny III"]
[BlackTeam "Dalesice Pivovar"]
[WhiteTeamCountry "CZE"]
[BlackTeamCountry "CZE"]

1. e4 c5 2. Nf3 d6 3. d4 cxd4 4. Nxd4 Nf6 5. Nc3 g6 6. Be2 Bg7 7. Be3 0-0 8. 0-0 Nc6 9. Re1 Bd7 10. Qd2 Rc8 11. Rad1 Ne5 12. h3 a6 13. f4 Nc4 14. Bxc4 Rxc4 15. e5 Ne8 16. Nf3 b5 17. a3 Bc6 18. Qf2 Bxf3 19. Qxf3 Qd7 20. Re2 Nc7 21. exd6 Bxc3 22. bxc3 exd6 23. Red2 d5 24. Bd4 Ne6 25. f5 Nxd4 26. Rxd4 Qxf5 27. Qxf5 gxf5 28. Rxc4 dxc4 29. Rd6 Ra8 30. Kf2 Kg7 31. Kf3 Ra7 1/2-1/2

[Event "CZE-chT2D 1617"]
[Site "Czech Republic"]
[Date "2017.02.26"]
[Round "9.4"]
[White "Holasek, Pavel"]
[Black "Liduch, Filip"]
[Result "1-0"]
[WhiteElo "2071"]
[BlackElo "2055"]
[PlyCount "59"]
[EventDate "2016.10.09"]
[EventType "team-tourn"]
[EventRounds "11"]
[EventCountry "CZE"]
[SourceTitle "EXT 2022"]
[Source "ChessBase"]
[SourceDate "2021.10.06"]
[SourceVersion "1"]
[SourceVersionDate "2021.10.06"]
[SourceQuality "1"]
[WhiteTeam "Usti nad Orlici"]
[BlackTeam "Polabiny III"]
[WhiteTeamCountry "CZE"]
[BlackTeamCountry "CZE"]

1. Nf3 d5 2. g3 Nf6 3. Bg2 e6 4. d3 Be7 5. 0-0 0-0 6. Nbd2 b6 7. e4 dxe4 8. dxe4 Bb7 9. Qe2 c5 10. Rd1 Qc7 11. b3 Nbd7 12. Bb2 a6 13. c4 e5 14. Nh4 Rfe8 15. Nf5 Nf8 16. Ne3 Ne6 17. Nd5 Nxd5 18. exd5 Nd4 19. Qd3 Rad8 20. Re1 Bc8 21. h4 g6 22. Rac1 Bf8 23. Bxd4 exd4 24. Ne4 Be7 25. d6 Bxd6 26. Nf6+ Kf8 27. Rxe8+ Rxe8 28. Qd2 Re6 29. Qh6+ Ke7 30. Nd5+ 1-0

[Event "CZE-chT2D 1617"]
[Site "Czech Republic"]
[Date "2017.01.15"]
[Round "6.3"]
[White "Sykora, Josef"]
[Black "Liduch, Filip"]
[Result "1/2-1/2"]
[WhiteElo "2043"]
[BlackElo "2055"]
[PlyCount "51"]
[EventDate "2016.10.09"]
[EventType "team-tourn"]
[EventRounds "11"]
[EventCountry "CZE"]
[SourceTitle "EXT 2022"]
[Source "ChessBase"]
[SourceDate "2021.10.06"]
[SourceVersion "1"]
[SourceVersionDate "2021.10.06"]
[SourceQuality "1"]
[WhiteTeam "Pardubice Rapid II"]
[BlackTeam "Polabiny III"]
[WhiteTeamCountry "CZE"]
[BlackTeamCountry "CZE"]

1. d4 Nf6 2. c4 e6 3. Nf3 d5 4. e3 Be7 5. Nc3 0-0 6. Qc2 b6 7. Be2 dxc4 8. Bxc4 Bb7 9. Be2 c5 10. dxc5 Bxc5 11. 0-0 Nc6 12. a3 Rc8 13. Qa4 Qe7 14. b4 Bd6 15. Bb2 Rfd8 16. Rfd1 Bb8 17. Rxd8+ Rxd8 18. Rd1 Rxd1+ 19. Qxd1 h6 20. g3 Ne5 21. Nb5 Nxf3+ 22. Bxf3 Nd5 23. Nc3 Nxc3 24. Bxc3 Bxf3 25. Qxf3 Bd6 26. Qa8+ 1/2-1/2

[Event "CZE-chT2D 1516"]
[Site "Czech Republic"]
[Date "2016.03.13"]
[Round "9.5"]
[White "Navratil, Jiri1111"]
[Black "Liduch, Filip"]
[Result "1/2-1/2"]
[WhiteElo "2045"]
[BlackElo "2055"]
[PlyCount "39"]
[EventDate "2015.10.18"]
[EventType "team-tourn"]
[EventRounds "11"]
[EventCountry "CZE"]
[SourceTitle "EXT 2022"]
[Source "ChessBase"]
[SourceDate "2021.10.06"]
[SourceVersion "1"]
[SourceVersionDate "2021.10.06"]
[SourceQuality "1"]
[WhiteTeam "Zabreh"]
[BlackTeam "Polabiny III"]
[WhiteTeamCountry "CZE"]
[BlackTeamCountry "CZE"]

1. d4 Nf6 2. Nf3 d5 3. Bf4 e6 4. c3 Be7 5. Nbd2 0-0 6. h3 b6 7. e3 c5 8. Ne5 Bb7 9. Bd3 Nc6 10. Qc2 Rc8 11. Nxc6 Rxc6 12. Be5 h6 13. 0-0 a6 14. Rae1 b5 15. Qb1 Nd7 16. Bh2 b4 17. f4 bxc3 18. bxc3 Rb6 19. Qc2 f5 20. Nf3 1/2-1/2

[Event "Hradec Kralove op"]
[Site "Hradec Kralove"]
[Date "2015.10.08"]
[Round "5"]
[White "Liduch, Filip"]
[Black "Pulpan, Jakub"]
[Result "0-1"]
[WhiteElo "2032"]
[BlackElo "2306"]
[PlyCount "94"]
[EventDate "2015.10.04"]
[EventType "swiss"]
[EventRounds "9"]
[EventCountry "CZE"]
[SourceTitle "CBM 168 Extra"]
[Source "ChessBase"]
[SourceDate "2015.10.29"]
[SourceVersion "1"]
[SourceVersionDate "2015.10.29"]
[SourceQuality "1"]

1. e4 c5 2. Nf3 e6 3. d4 cxd4 4. Nxd4 Nf6 5. Nc3 Nc6 6. Be2 Bb4 7. Nxc6 bxc6 8. Qd3 d5 9. exd5 exd5 10. 0-0 0-0 11. Bf4 Re8 12. a3 Bxc3 13. bxc3 a5 14. Rfe1 Ba6 15. Qf3 Bxe2 16. Rxe2 Rxe2 17. Qxe2 Ne4 18. Bd2 Qf6 19. Re1 Nd6 20. c4 h6 21. cxd5 cxd5 22. Qd3 Ne4 23. f3 Nxd2 24. Qxd2 Qb6+ 25. Qe3 Qc6 26. Qe5 Qc5+ 27. Kh1 Qxa3 28. Qxd5 Qf8 29. Ra1 a4 30. h3 a3 31. Qb3 Qc5 32. c3 Qe3 33. Kh2 g6 34. Kh1 Kg7 35. Kh2 h5 36. Kh1 Qd2 37. Ra2 Qc1+ 38. Kh2 Qf4+ 39. Kg1 Qe3+ 40. Kh2 Qe5+ 41. Kh1 Rb8 42. Qc2 Qe1+ 43. Kh2 h4 44. Qe4 Qg3+ 45. Kg1 Rb2 46. Rxb2 axb2 47. c4 Qb8 0-1

[Event "Liberec op 15th"]
[Site "Liberec"]
[Date "2015.02.14"]
[Round "1"]
[White "Liduch, Filip"]
[Black "Rychtecky, Pavel"]
[Result "1-0"]
[WhiteElo "1988"]
[BlackElo "1623"]
[PlyCount "43"]
[EventDate "2015.02.14"]
[EventType "swiss"]
[EventRounds "9"]
[EventCountry "CZE"]
[SourceTitle "CBM 164 Extra"]
[Source "ChessBase"]
[SourceDate "2015.03.02"]
[SourceVersion "1"]
[SourceVersionDate "2015.03.02"]
[SourceQuality "1"]

1. e4 e5 2. Nf3 Nc6 3. d4 exd4 4. Nxd4 Bc5 5. c3 Nf6 6. Nxc6 bxc6 7. Bd3 h6 8. e5 Qe7 9. 0-0 Nh7 10. b4 Bb6 11. Nd2 0-0 12. a4 a6 13. Nc4 Rb8 14. Qc2 Ng5 15. Nxb6 cxb6 16. f4 Ne6 17. f5 Nc7 18. f6 Qe8 19. fxg7 Kxg7 20. Bxh6+ Kxh6 21. Qd2+ Kg7 22. Qg5+ 1-0

[Event "CZE-ch U20 sf"]
[Site "Frydek Mistek"]
[Date "2014.11.21"]
[Round "8"]
[White "Liduch, Filip"]
[Black "Reznicek, Dominik"]
[Result "1/2-1/2"]
[WhiteElo "1863"]
[BlackElo "1995"]
[PlyCount "65"]
[EventDate "2014.11.16"]
[EventType "swiss"]
[EventRounds "9"]
[EventCountry "CZE"]
[SourceTitle "CBM 163 Extra"]
[Source "ChessBase"]
[SourceDate "2014.12.23"]
[SourceVersion "1"]
[SourceVersionDate "2014.12.23"]
[SourceQuality "1"]

1. e4 c6 2. d4 d5 3. Nd2 Nf6 4. e5 Nfd7 5. Bd3 e6 6. Ngf3 c5 7. c3 Nc6 8. 0-0 Qb6 9. dxc5 Nxc5 10. Nb3 Nxd3 11. Qxd3 Be7 12. Re1 Bd7 13. Nbd4 a6 14. Nxc6 bxc6 15. b4 c5 16. a3 Bb5 17. Qd2 Rc8 18. Bb2 h6 19. a4 Bd7 20. a5 Qb5 21. bxc5 Bxc5 22. Nd4 Qc4 23. Qe2 Qxe2 24. Rxe2 Ke7 25. Nb3 Bb5 26. Rd2 Kd7 27. Nxc5+ Rxc5 28. Rd4 Rc4 29. Rxc4 Bxc4 30. Ba3 Rc8 31. Bb4 Bb3 32. Rb1 Ba4 33. Ra1 1/2-1/2

[Event "CZE-ch U20 sf"]
[Site "Frydek Mistek"]
[Date "2014.11.17"]
[Round "2"]
[White "Franek, Jan1111"]
[Black "Liduch, Filip"]
[Result "0-1"]
[WhiteElo "1969"]
[BlackElo "1863"]
[PlyCount "56"]
[EventDate "2014.11.16"]
[EventType "swiss"]
[EventRounds "9"]
[EventCountry "CZE"]
[SourceTitle "CBM 163 Extra"]
[Source "ChessBase"]
[SourceDate "2014.12.23"]
[SourceVersion "1"]
[SourceVersionDate "2014.12.23"]
[SourceQuality "1"]

1. e4 e5 2. Nf3 Nc6 3. Bc4 Bc5 4. b4 Bb6 5. 0-0 d6 6. c3 Nf6 7. Qc2 0-0 8. b5 Ne7 9. d4 Ng6 10. a4 a6 11. bxa6 bxa6 12. a5 Ba7 13. Ba3 Re8 14. Nbd2 exd4 15. cxd4 d5 16. exd5 Nxd5 17. Rae1 Rxe1 18. Rxe1 c6 19. Qe4 Be6 20. Nb3 Nf6 21. Qc2 Bd5 22. Ne5 Nxe5 23. Rxe5 Ng4 24. Re1 Bxc4 25. Qxc4 Qh4 26. Re7 Qxf2+ 27. Kh1 Ne3 28. Rxf7 Qxf7 0-1

[Event "Hradec Kralove op"]
[Site "Hradec Kralove"]
[Date "2014.10.22"]
[Round "6"]
[White "Kotva, Milan"]
[Black "Liduch, Filip"]
[Result "1-0"]
[WhiteElo "2069"]
[BlackElo "1869"]
[PlyCount "49"]
[EventDate "2014.10.18"]
[EventType "swiss"]
[EventRounds "9"]
[EventCountry "CZE"]
[SourceTitle "EXT 2015"]
[Source "ChessBase"]
[SourceDate "2014.11.20"]
[SourceVersion "1"]
[SourceVersionDate "2014.11.20"]
[SourceQuality "1"]

1. d4 Nf6 2. Nf3 g6 3. g3 Bg7 4. Bg2 d5 5. 0-0 0-0 6. c3 e6 7. Bg5 Nbd7 8. Qc1 b6 9. Ne5 Bb7 10. Nd2 h6 11. Bf4 Nh5 12. Nxd7 Nxf4 13. gxf4 Qxd7 14. Nf3 c5 15. Ne5 Qe7 16. e3 Rac8 17. Qd1 cxd4 18. exd4 h5 19. Qf3 Rfd8 20. Bh3 Qf6 21. Kh1 Bh6 22. Rg1 Qxf4 23. Qxh5 Bg7 24. Rxg6 Re8 25. Rg4 1-0

[Event "Hradec Kralove op"]
[Site "Hradec Kralove"]
[Date "2014.10.21"]
[Round "4"]
[White "Liduch, Filip"]
[Black "Meszaros, Ludek"]
[Result "0-1"]
[WhiteElo "1869"]
[BlackElo "2119"]
[PlyCount "68"]
[EventDate "2014.10.18"]
[EventType "swiss"]
[EventRounds "9"]
[EventCountry "CZE"]
[SourceTitle "EXT 2015"]
[Source "ChessBase"]
[SourceDate "2014.11.20"]
[SourceVersion "1"]
[SourceVersionDate "2014.11.20"]
[SourceQuality "1"]

1. e4 c5 2. Nf3 d6 3. d4 cxd4 4. Nxd4 Nf6 5. Nc3 g6 6. Be2 Bg7 7. 0-0 0-0 8. Be3 Nbd7 9. Qd2 a6 10. f3 Qc7 11. Bg5 b5 12. a3 Bb7 13. Kh1 Nb6 14. Rfd1 Rfd8 15. Rac1 e5 16. Nb3 d5 17. exd5 Nbxd5 18. Nxd5 Rxd5 19. Qa5 Rxd1+ 20. Rxd1 Qxc2 21. Rd8+ Ne8 22. Rxa8 Bxa8 23. Qd8 Bc6 24. Bd1 Qf2 25. h3 e4 26. Qd2 Qf1+ 27. Kh2 Be5+ 28. f4 e3 29. Qe2 Bxf4+ 30. Bxf4 Qxf4+ 31. Kh1 Nf6 32. Nd4 Nh5 33. Kg1 Ng3 34. Qe1 e2 0-1

[Event "Hradec Kralove op"]
[Site "Hradec Kralove"]
[Date "2014.10.19"]
[Round "2"]
[White "Liduch, Filip"]
[Black "Grela, Kacper"]
[Result "0-1"]
[WhiteElo "1869"]
[BlackElo "2063"]
[PlyCount "68"]
[EventDate "2014.10.18"]
[EventType "swiss"]
[EventRounds "9"]
[EventCountry "CZE"]
[SourceTitle "EXT 2015"]
[Source "ChessBase"]
[SourceDate "2014.11.20"]
[SourceVersion "1"]
[SourceVersionDate "2014.11.20"]
[SourceQuality "1"]

1. e4 c5 2. Nf3 Nc6 3. d4 cxd4 4. Nxd4 Nf6 5. Nc3 d6 6. Be2 e5 7. Nb3 Be7 8. 0-0 0-0 9. Be3 a5 10. a4 Be6 11. f4 exf4 12. Bxf4 Ne5 13. Kh1 Rc8 14. Nd4 Nc4 15. Nxe6 fxe6 16. Bxc4 Rxc4 17. e5 dxe5 18. Bxe5 Qxd1 19. Raxd1 Rfc8 20. Rd4 Rb4 21. Rb1 Ng4 22. Na2 Nxe5 23. Nxb4 axb4 24. Re4 Nc4 25. Rxe6 Bf6 26. c3 b3 27. Re2 Ra8 28. Rd1 Rxa4 29. g3 h6 30. Rd7 b6 31. Rc7 Bxc3 32. Rxc4 Rxc4 33. bxc3 Rxc3 34. Rb2 Rc1+ 0-1

[Event "Trebic Highlands op 10th"]
[Site "Trebic"]
[Date "2014.05.21"]
[Round "6"]
[White "Liduch, Filip"]
[Black "Kotva, Milan"]
[Result "1/2-1/2"]
[WhiteElo "1870"]
[BlackElo "2027"]
[PlyCount "42"]
[EventDate "2014.05.17"]
[EventType "swiss"]
[EventRounds "9"]
[EventCountry "CZE"]
[SourceTitle "CBM 160 Extra"]
[Source "ChessBase"]
[SourceDate "2014.07.01"]
[SourceVersion "1"]
[SourceVersionDate "2014.07.01"]
[SourceQuality "1"]

1. e4 e5 2. Nf3 Nc6 3. d4 exd4 4. Nxd4 Bc5 5. Be3 Nxd4 6. Bxd4 Bxd4 7. Qxd4 Qf6 8. e5 Qb6 9. Qxb6 axb6 10. Nc3 Ra5 11. f4 Ne7 12. Bd3 0-0 13. 0-0 d6 14. exd6 cxd6 15. Rfe1 Ng6 16. g3 Rd8 17. Rad1 Nf8 18. Be4 Ne6 19. Bd5 Kf8 20. a3 Nc7 21. Kf2 Nxd5 1/2-1/2

[Event "Trebic Highlands op 10th"]
[Site "Trebic"]
[Date "2014.05.19"]
[Round "4"]
[White "Liduch, Filip"]
[Black "Richterova, Julie"]
[Result "1-0"]
[WhiteElo "1870"]
[BlackElo "1464"]
[PlyCount "51"]
[EventDate "2014.05.17"]
[EventType "swiss"]
[EventRounds "9"]
[EventCountry "CZE"]
[SourceTitle "CBM 160 Extra"]
[Source "ChessBase"]
[SourceDate "2014.07.01"]
[SourceVersion "1"]
[SourceVersionDate "2014.07.01"]
[SourceQuality "1"]

1. e4 c6 2. d4 d5 3. f3 dxe4 4. fxe4 Nf6 5. e5 Nd5 6. c4 Nb6 7. Be3 Bf5 8. Bd3 Bg6 9. e6 f6 10. Bxg6+ hxg6 11. Qd3 Qc7 12. Nf3 g5 13. Qg6+ Kd8 14. Nbd2 Na6 15. 0-0-0 Qc8 16. Rhe1 Nc7 17. Kb1 Nxe6 18. d5 cxd5 19. cxd5 Nc7 20. Bxb6 axb6 21. Nc4 Nb5 22. Nxb6 Qc5 23. Nxa8 Qa7 24. d6 Nxd6 25. Rxd6+ exd6 26. Qe8# 1-0

[Event "CZE-chTA U20 1314"]
[Site "Czech Republic"]
[Date "2014.04.27"]
[Round "11.5"]
[White "Eret, Matous"]
[Black "Liduch, Filip"]
[Result "1-0"]
[WhiteElo "1725"]
[BlackElo "1856"]
[PlyCount "81"]
[EventDate "2013.10.12"]
[EventType "team-tourn"]
[EventRounds "11"]
[EventCountry "CZE"]
[SourceTitle "EXT 2015"]
[Source "ChessBase"]
[SourceDate "2014.11.20"]
[SourceVersion "1"]
[SourceVersionDate "2014.11.20"]
[SourceQuality "1"]
[WhiteTeam "Klatovy (U20)"]
[BlackTeam "Polabiny (U20)"]
[WhiteTeamCountry "CZE"]
[BlackTeamCountry "CZE"]

1. e4 e5 2. Nc3 Nf6 3. f4 d5 4. fxe5 Nxe4 5. Nf3 Be7 6. Qe2 Nxc3 7. dxc3 0-0 8. Bf4 c5 9. 0-0-0 Qa5 10. Kb1 Be6 11. a3 a6 12. h4 b5 13. Bg5 Nc6 14. Bxe7 Nxe7 15. Qd2 Nc6 16. Bd3 Rab8 17. Bxh7+ Kh8 18. h5 Qd8 19. Bd3 b4 20. cxb4 cxb4 21. axb4 Nxb4 22. c3 Nxd3 23. Qxd3 Qd7 24. Nd4 Bg4 25. Rd2 a5 26. h6 g6 27. Qf1 Rb6 28. e6 Rxe6 29. Nxe6 Qxe6 30. Qf4 Bf5+ 31. Ka1 f6 32. Qd4 Be4 33. Re1 Qe5 34. Qxe5 fxe5 35. c4 Rf4 36. cxd5 Bf5 37. b3 a4 38. Ka2 axb3+ 39. Kxb3 Kh7 40. d6 Be6+ 41. Ka3 1-0

[Event "Pobeskydy op"]
[Site "Frydek Mistek"]
[Date "2014.04.20"]
[Round "7"]
[White "Liduch, Filip"]
[Black "Schnitzer, Peter"]
[Result "1-0"]
[WhiteElo "1873"]
[BlackElo "2189"]
[PlyCount "53"]
[EventDate "2014.04.17"]
[EventType "swiss"]
[EventRounds "9"]
[EventCountry "CZE"]
[SourceTitle "CBM 159 Extra"]
[Source "ChessBase"]
[SourceDate "2014.04.24"]
[SourceVersion "1"]
[SourceVersionDate "2014.04.24"]
[SourceQuality "1"]

1. e4 d6 2. d4 Nf6 3. Nc3 Nbd7 4. Nf3 e5 5. Bc4 Be7 6. 0-0 0-0 7. dxe5 dxe5 8. Qe2 c6 9. a4 b6 10. Bg5 Re8 11. Rad1 Qc7 12. Bh4 h6 13. Bg3 a6 14. Bb3 Bf8 15. Qc4 Re7 16. Nd5 Nxd5 17. exd5 Qb8 18. dxc6 Nc5 19. Bxe5 Be6 20. Bxb8 Bxc4 21. Bxc4 Rxb8 22. Rfe1 Rc7 23. Ne5 Nxa4 24. Rd7 Rbc8 25. Bxa6 Rxc6 26. Nxc6 Rxc6 27. Bb5 1-0

[Event "Kouty nad Desnou op-A"]
[Site "Kouty nad Desnou"]
[Date "2014.03.15"]
[Round "9"]
[White "Liduch, Filip"]
[Black "Brozova, Renata"]
[Result "0-1"]
[WhiteElo "1901"]
[BlackElo "1712"]
[PlyCount "74"]
[EventDate "2014.03.08"]
[EventType "swiss"]
[EventRounds "9"]
[EventCountry "CZE"]
[SourceTitle "EXT 2015"]
[Source "ChessBase"]
[SourceDate "2014.11.20"]
[SourceVersion "1"]
[SourceVersionDate "2014.11.20"]
[SourceQuality "1"]

1. e4 c6 2. d4 d5 3. f3 dxe4 4. fxe4 e5 5. Nf3 exd4 6. Bc4 f6 7. Nxd4 Ne7 8. Be3 Ng6 9. Qh5 Qe7 10. Nd2 b5 11. Bb3 a6 12. N4f3 c5 13. Bd5 Ra7 14. 0-0 Nd7 15. a4 bxa4 16. Bc6 Kd8 17. Nc4 Nde5 18. Nfxe5 Nxe5 19. Nxe5 Qxe5 20. Rad1+ Bd7 21. Qxe5 fxe5 22. Rf7 Be7 23. Bxd7 Rxd7 24. Rxd7+ Kxd7 25. Bxc5 Re8 26. Rxg7 Ke6 27. Bxe7 Rxe7 28. Rxe7+ Kxe7 29. Kf2 Kd6 30. Ke3 Kc5 31. Kd3 Kb4 32. g4 a3 33. bxa3+ Kxa3 34. h4 a5 35. g5 Kb2 36. Kc4 a4 37. Kb4 a3 0-1

[Event "Kouty nad Desnou op-A"]
[Site "Kouty nad Desnou"]
[Date "2014.03.13"]
[Round "7"]
[White "Liduch, Filip"]
[Black "Zilavy, Jan"]
[Result "1/2-1/2"]
[WhiteElo "1901"]
[BlackElo "1816"]
[PlyCount "54"]
[EventDate "2014.03.08"]
[EventType "swiss"]
[EventRounds "9"]
[EventCountry "CZE"]
[SourceTitle "EXT 2015"]
[Source "ChessBase"]
[SourceDate "2014.11.20"]
[SourceVersion "1"]
[SourceVersionDate "2014.11.20"]
[SourceQuality "1"]

1. e4 e6 2. d4 d5 3. e5 c5 4. c3 Nc6 5. Nf3 Qb6 6. a3 Nge7 7. b4 cxd4 8. cxd4 Bd7 9. Be3 Nf5 10. Bd3 Nxe3 11. fxe3 Rc8 12. 0-0 Ne7 13. Ng5 Nf5 14. Qf3 Be7 15. Nxf7 0-0 16. Bxf5 exf5 17. Nd6 Bxd6 18. Qxd5+ Kh8 19. exd6 Rc2 20. Ra2 Rxa2 21. Qxa2 Qxd6 22. Qd2 Re8 23. Nc3 Qe6 24. Rc1 Qb3 25. Nb1 Bc6 26. Qc3 Qd5 27. Qd2 Qb3 1/2-1/2

[Event "CZE-chT2D 1314"]
[Site "Czech Republic"]
[Date "2014.02.02"]
[Round "7.8"]
[White "Lipavsky, Dusan"]
[Black "Liduch, Filip"]
[Result "1/2-1/2"]
[WhiteElo "1974"]
[BlackElo "1856"]
[PlyCount "104"]
[EventDate "2013.11.03"]
[EventType "team-tourn"]
[EventRounds "11"]
[EventCountry "CZE"]
[SourceTitle "EXT 2016"]
[Source "ChessBase"]
[SourceDate "2015.10.08"]
[SourceVersion "1"]
[SourceVersionDate "2015.10.08"]
[SourceQuality "1"]
[WhiteTeam "Vysoke Myto"]
[BlackTeam "Polabiny III"]
[WhiteTeamCountry "CZE"]
[BlackTeamCountry "CZE"]

1. e4 e5 2. Nf3 Nc6 3. Bb5 Nf6 4. 0-0 Nxe4 5. Re1 Nd6 6. Nxe5 Be7 7. Nxc6 dxc6 8. Ba4 Be6 9. d4 0-0 10. c3 Re8 11. Bf4 Nc4 12. Qc1 Bd6 13. Bxd6 Qxd6 14. Nd2 Nxd2 15. Qxd2 Bf5 16. Rxe8+ Rxe8 17. Re1 Rxe1+ 18. Qxe1 Qe6 19. Qe5 Qxe5 20. dxe5 Kf8 21. f4 Ke7 22. Kf2 h5 23. Bd1 g6 24. h3 Be6 25. a3 b6 26. g4 hxg4 27. hxg4 Bd5 28. Kg3 Ke6 29. Bc2 c5 30. Kf2 a5 31. Ke3 Bc4 32. Be4 Bb3 33. Kd3 Bd1 34. g5 Bb3 35. Ke3 Bc4 36. Bf3 Bb5 37. Bg4+ Kd5 38. Bf3+ Ke6 39. Bb7 Bd7 40. Be4 Bb5 41. Bc2 Bc4 42. b3 Bd5 43. c4 Bc6 44. a4 Ke7 45. f5 gxf5 46. Bxf5 Bg2 47. Be4 Bf1 48. Bf5 Bg2 49. Kf4 Bf1 50. g6 fxg6 51. Bxg6 Be2 52. Bc2 Ke6 1/2-1/2

[Event "CZE-chTE U20 1314"]
[Site "Czech Republic"]
[Date "2013.10.12"]
[Round "2.5"]
[White "Stepan, Patrik"]
[Black "Liduch, Filip"]
[Result "1/2-1/2"]
[WhiteElo "1762"]
[BlackElo "1856"]
[PlyCount "83"]
[EventDate "2013.10.12"]
[EventType "team-tourn"]
[EventRounds "11"]
[EventCountry "CZE"]
[SourceTitle "EXT 2015"]
[Source "ChessBase"]
[SourceDate "2014.11.20"]
[SourceVersion "1"]
[SourceVersionDate "2014.11.20"]
[SourceQuality "1"]
[WhiteTeam "Frydek Mistek (U20)"]
[BlackTeam "Polabiny (U20)"]
[WhiteTeamCountry "CZE"]
[BlackTeamCountry "CZE"]

1. d4 Nf6 2. c4 e6 3. Nf3 d5 4. Nc3 c6 5. Bg5 Be7 6. e3 Nbd7 7. Bd3 0-0 8. 0-0 b6 9. Rc1 Bb7 10. Re1 dxc4 11. Bxc4 c5 12. Qe2 Ne4 13. Nxe4 Bxe4 14. Bxe7 Qxe7 15. Red1 Rfd8 16. Rd2 Bb7 17. Bb5 Qf6 18. Rcd1 cxd4 19. Rxd4 Nc5 20. b4 Ne4 21. Qd3 Rxd4 22. Qxd4 Qxd4 23. Rxd4 Nc3 24. Bc4 Bxf3 25. gxf3 b5 26. Bf1 Kf8 27. a3 Ke7 28. Kg2 a6 29. f4 Rd8 30. Rxd8 Kxd8 31. Bd3 Nd5 32. Kf3 h6 33. e4 Ne7 34. Ke3 Nc6 35. e5 Kc7 36. Be4 Ne7 37. Kd4 Kb6 38. h3 Nc8 39. f5 Ne7 40. fxe6 fxe6 41. f3 g5 42. Kc3 1/2-1/2